All Steel-Type Pokémon moves (SV) - Statistics

General Stats
  • This quiz has been taken 71 times
  • The average score is 27 of 37
Answer Stats
Gen Category Base Power Description Answer % Correct
IV Physical 80 The user slams the target with its steel-hard head. This may also make the target flinch. Iron Head
98%
IV Physical 40 The user strikes the target with tough punches as fast as bullets. This move always goes first. Bullet Punch
95%
V Physical 50 The user attacks by throwing steel gears at the target twice in a row. Gear Grind
95%
III Status - The user hardens its body's surface like iron, sharply boosting its Defense stat. Iron Defense
95%
II Physical 100 The target is slammed with a steel-hard tail. This may also lower the target's Defense stat. Iron Tail
95%
II Physical 50 The target is raked with steel claws. This may also boost the user's Attack stat. Metal Claw
95%
VIII Special 140 The user fires a beam of steel that it collected from its entire body. This also damages the user. Steel Beam
95%
III Physical 90 The target is hit with a hard punch fired like a meteor. This may also boost the user’s Attack stat. Meteor Mash
93%
II Physical 70 The target is hit with wings of steel. This may also boost the user's Defense stat. Steel Wing
93%
V Physical - The user slams into the target with its heavy body. The more the user outweighs the target, the greater the move's power. Heavy Slam
90%
III Status - A horrible sound like scraping metal harshly lowers the target's Sp. Def stat. Metal Sound
88%
VII Physical 80 The user entangles the target with its anchor chain while attacking. The target becomes unable to flee. Anchor Shot
85%
IV Special 80 The user gathers all its light energy and releases it at once. This may also lower the target's Sp. Def stat. Flash Cannon
83%
IV Physical - The user tackles the target with a high-speed spin. The slower the user is than the target, the greater the move's power. Gyro Ball
83%
IX Physical 160 The user swings its whole body around to attack with its huge hammer. This move can't be used twice in a row. Gigaton Hammer
80%
V Status - The user rotates its gears, boosting its Attack stat and sharply boosting its Speed stat. Shift Gear
80%
VI Status - The user takes a defensive stance while it protects itself from damage. This also lowers the Attack stat of any attacker that makes direct contact. King's Shield
78%
IV Physical 60 The user launches steel bombs that stick to the target. This attack never misses. Magnet Bomb
78%
IV Physical - The user retaliates with much greater force against the opponent that last inflicted damage on it. Metal Burst
75%
VII Physical 60 The user uses the hex nut in its chest as an axis to spin, striking the target with its arms twice in a row. This may also make the target flinch. Double Iron Bash
73%
III Special 100 Two turns after this move is used, a concentrated bundle of light blasts the target. Doom Desire
70%
IX Special 120 The user attacks by throwing out a mass of coins. This also lowers the user's Sp. Atk stat. Money is earned after the battle. Make It Rain
70%
VIII Physical 100 The user's body becomes a firm shield and slams into the target fiercely. This move deals twice the damage if the target is Dynamaxed. Behemoth Bash
68%
VIII Physical 100 The user wields a large, powerful sword using its whole body and cuts the target in a vigorous attack. This move deals twice the damage if the target is Dynamaxed. Behemoth Blade
68%
VII Physical/Special - The user spins very fast and rams into the target with the full force of its Z-Power. The power varies, depending on the original move. Corkscrew Crash
68%
VIII Physical/Special - This is a Steel-type attack Dynamax Pokémon use. This boosts ally Pokémon's Defense stats. Max Steelspike
68%
VII Physical 70 The user stabs the target with a sharp horn. This attack never misses. Smart Strike
68%
VII Physical 100 The user slams into the target with the force of a meteor. This move can be used on the target regardless of its Ability. Sunsteel Strike
65%
V Status - The user sheds part of its body to make itself lighter and sharply raise its Speed stat. Autotomize
58%
VIII Physical 130 The user attacks while destroying the terrain. This move fails if the ground hasn't turned into a terrain. Steel Roller
55%
VII Status - The user engages its gears to raise the Attack and Sp. Atk stats of ally Pokémon with the Plus or Minus Ability. Gear Up
50%
IX Physical 100 The user spins furiously by straining its legs, inflicting damage on the target. This also harshly lowers the user's Speed stat. Spin Out
48%
IV Special 65 The user lets loose a flash of energy at the target from its polished body. This may also lower the target's accuracy. Mirror Shot
45%
VIII Status - The user makes its skin as hard as an iron shield, sharply boosting its Defense stat. Shelter
38%
VIII Physical/Special - A Steel-type attack that Gigantamax Copperajah use. This move scatters sharp spikes around the field. G-Max Steelsurge
35%
VIII Physical/Special - A Steel-type attack that Gigantamax Melmetal use. This move makes opponents incapable of using the same move twice in a row. G-Max Meltdown
33%
VII Physical 200 After obtaining Z-Power, the user, Solgaleo, attacks the target with full force. This move can ignore the effect of the target's Ability. Searing Sunraze Smash
33%
No matching quizzes found
Score Distribution
Percent of People with Each Score
Percentile by Number Answered
Your Score History
You have not taken this quiz